| 000 | 01114nam a2200229Ia 4500 | ||
|---|---|---|---|
| 001 | L240-11844 | ||
| 003 | IT-CnALBA | ||
| 008 | 170116s9999||||xx |||||||||||||| ||und|| | ||
| 040 |
_aIT-CnALBA _cIT-CnALBA |
||
| 041 | _aITALIANO | ||
| 100 | _aCHARLES PIERRE, SJ. | ||
| 245 | 0 | _aLA PREGHIERA DI OGNI COSA. | |
| 250 | _a4a ed. | ||
| 260 |
_aCINISELLO BALSAMO (MI) _bEDIZIONI PAOLINE _c1962 [1° Ed.: n.d.] |
||
| 300 | _a167 p. (prefazione: 7) | ||
| 500 | _aTRADUZIONE DAL FRANCESE DI P. MARZARI. SEGRETO. CRISTO PORTA. VIGILANZA VITTORIA SUL PECCATO. SALVEZZA DAL MALE CAMMINO. MENSA EUCARISTICA. PACE. CITTÀ CELESTE. CIBO DELL'ANIMA. ELEVAZIONE. FINALITÀ DELLA VITA. | ||
| 501 | _aSocietà San Paolo EM - Piazza San Paolo, 14 - 12051 ALBA (CN) (non commercial uses only) ® Copyright 2017 | ||
| 520 | _aTRADUZIONE DAL FRANCESE DI P. MARZARI. SEGRETO. CRISTO PORTA. VIGILANZA VITTORIA SUL PECCATO. SALVEZZA DAL MALE CAMMINO. MENSA EUCARISTICA. PACE. CITTÀ CELESTE. CIBO DELL'ANIMA. ELEVAZIONE. FINALITÀ DELLA VITA. | ||
| 650 | _aTEOLOGIA SPIRITUALE CRISTIANA | ||
| 942 | _cBK | ||
| 957 | _71 | ||
| 999 |
_a16597 _bNO _g Copie: 1 _c271021 _d271021 |
||